000 00531nam a2200145Ia 4500
008 231217s9999 xx 000 0 und d
041 _aEnglish
082 _a333.70954 COU.8;1 R
100 _aCouncil of Scientific and Industrial Research.
245 4 _aThe Wealth of India : a dictionary of Indian raw materials and industrial products, Raw materials Vol.8 Ph-Re
260 _c1969
_bCSIR
_aNew Delhi
300 _axxx, 394+xii
650 _aWealth,India;,India,raw,materials,products,,Raw,materials,Vol.1,A-B
942 _cAA
999 _c198082
_d198082